000 01562nam a2200469Ic 4500
001 58552
003 CO-BoRNBP
005 20250826203443.0
007 ta
008 000101?uuuu unk 000 0 unk d
020 _a9580461678
020 _a7706894211715
040 _aCO-BoRNBP
_bspa
_erda
_cCO-BoRNBP
041 _aspa
084 _aC FON1
100 _aFonseca, Rubém,
_d1925-
_eaut
_936590
245 0 3 _aLa cofradía de los espadas cuentos /
_cRubem Fonseca ; traducción de Irene Vasco.
250 _a1a. edición
264 1 _aBogotá, Colombia :
_bNorma,
_c2001
300 _a124 páginas
336 _atext
_btxt
_2rdacontent
337 _aunmediated
_bn
_2rdamedia
338 _avolume
_bnc
_2rdacarrier
490 _aLa otra orilla : cuentos
505 _aLibre albedrío -- Los ángeles de las marquesinas -- la fiesta -- El vendedor de seguros -- AA -- a la manera de Godard -- Un día en la vida de dos cómplices
650 0 4 _aCuentos brasileños
_2LEMB
650 0 7 _aFelicidad
_vCuentos
_2LEMB
_963491
650 0 4 _aLiteratura brasileña
_ySiglo XX
_2LEMB
_91612
650 0 7 _aMuerte
_vCuentos
_2lemb
650 0 0 _aLiteratura para adultos
_2LEMB
_963409
655 _aCuentos
_943875
655 _aCuentos
_943875
700 _aVasco, Irene
_d1952-
_etrl
_91899
740 _aa la manera de Godard
740 _aAA
740 _aEl vendedor de seguros
740 _ala fiesta
740 _aLibre albedrío
740 _aLos ángeles de las marquesinas
740 _aUn día en la vida de dos cómplices
942 _cBK
_2ddc
999 _c58552
_d58552